00734nam a2200205 a 450000100060000000300090000600800410001502000150005604000280007108200150009910000520011424501380016626000390030430000110034349000310035450000360038565000370042165000330045865000370049117974CO-ViMGA141112s2004 ck r 000 u spa d a9581500623 aCO-ViMGAbspacCO-ViMGA04a635.5 S4561 aSena - Colombia ; Natural Resources Institute, 10aMemorias III Simposio Internacional de competitividad en frutas y hortalizas . Aseguramiento de la calidad , factor de competitividad aArmenia (Colombia), cSena, c2000 a300.p. aPaquetes de capacitación aFecha : Octubre 19 y 20 de 200014aCONTROL DE CALIDAD EN LAS FRUTAS14aFRUTAS - COMERCIO - COLOMBIA14aHORTALIZAS - COMERCIO - COLOMBIA